|
|
|
|
| LEADER |
00000nab a2200000 a 4500 |
| 001 |
vtls000306477 |
| 003 |
SK-MaSNL |
| 005 |
20260304014325.0 |
| 008 |
241209c1988 xo 0 hun |
| 015 |
|
|
|a SNBRB19rr/mm-uuuuu
|
| 035 |
|
|
|a CL0316596
|
| 040 |
|
|
|a SNKBUCL
|b slo
|c SNKBUCL
|e AACR2
|
| 041 |
0 |
|
|a hun
|
| 044 |
|
|
|a xo
|c SK
|
| 080 |
|
|
|a 885.4-1=945.11
|2 1981
|
| 100 |
1 |
|
|a Krasko, Ivan,
|d 1876-1958
|4 aut
|9 85685
|
| 245 |
1 |
0 |
|a Félénk akord. Éjszaka
|c Ivan Krasko
|
| 655 |
|
7 |
|a slovenská poézia
|2 snkbucl
|9 70444
|
| 655 |
|
7 |
|a články z novín a časopisov
|2 snkbucl
|9 267496
|
| 655 |
|
7 |
|a články z odboru literárna veda a krásna literatúra
|2 snkbucl
|9 770045
|
| 700 |
1 |
|
|a Fodor, András,
|d 1929-1997
|4 trl
|9 119745
|
| 700 |
1 |
|
|a Garai, Gábor,
|d 1929-1987
|4 trl
|9 377485
|
| 773 |
0 |
|
|t A Hét
|g Roč. 33, č. 10 (1988), s. 15
|
| 850 |
|
|
|a Slovenská národná knižnica
|
| 852 |
|
|
|a Slovenská národná knižnica
|
| 958 |
|
|
|a RK
|
| 958 |
|
|
|a HU
|
| 958 |
|
|
|a LX
|
| 992 |
|
|
|a RBX
|
| 999 |
|
|
|c 2583513
|d 2585443
|